000 01255cam a22002054a 4500
005 20250605164234.0
008 250528s ||||||||||||||||||||||||d
035 _a21072
020 _a9780140275407
040 _aGR-AtMCL
_bgre
_dGR-AtMCL
_eAACR2
245 1 _aMadness Explained / Psychosis and Human Nature
260 _bPenguin Books,
_c2004
300 _a640
520 _aThe writer demystifies psychosis and restores the patient to a proper place with the rest of humankind. Acknowledgements, The Origins of Our Misunderstanding about Madness, Emil Kraepelin's Big Idea, The Great Classification Crisis, Fool's Gold, The Boundaries of Madness, Them and Us, A Better Picture of the Soul, The Significance of Biology, Mental Life and Human Nature, Madness and Emotion, Some Madness Explained, Depression and the Pathology of Self, A Colorful Malady, Abnormal Attitudes, On the Paranoid World View, The Illusion of Reality, The Language of Madness, Causes and Their Effects, Firm the Cradle to the Clinic, The Trials of Life, Madness and Society, Appendix: A Glossary of Technical and Scientific Terms, Notes, Index.
700 1 _aBeck Aaron T.
_964
700 1 _aBentall Richard
_97106
942 _cBK
999 _c6143
_d6143